Podium du Rallye de la Haute Vallée de la Loire - Statistiques

Statistiques générales
  • Ce quiz a été pris 6 fois
  • Le résultat moyen est 6 sur 39
Statistiques - réponses
Vainqueur % Correct
Cédric Robert
60%
Emeric Robert
60%
Arnaud Masclaux
40%
David Salanon
40%
Dominique Moulin
40%
Eric Peyrache
40%
Jean-Marie Cuoq
40%
Marc Habouzit
40%
Thibault Habouzit
40%
Alain Bonneton
20%
Gérard Delorme
20%
Jerome Exbrayat
20%
Louis Durand
20%
Patrick Artru
20%
Stéphane Abrial
20%
Steve Andre
20%
Yves Pezzutti
20%
Alain Cammarota
0%
Anthony Puppo
0%
Bastien Guiot
0%
Daniel Suchon
0%
David Fraisse
0%
Denis Troussier
0%
Didier Georges
0%
Didier Perrin
0%
Jean-Louis Peslin
0%
Jean-Paul Guedj
0%
Jean Turnel
0%
Jordan Laurent
0%
Julien Coinchon
0%
Kévin Despinasse
0%
Laurent Bonche
0%
Maurice Perraud
0%
Philippe Brun
0%
Philippe Polge
0%
Pierre Bachelard
0%
Roland Fayolle
0%
Thierry Beaupellet
0%
Thierry Chabanne
0%
Aucun quiz correspondant
Distribution des résultats
% des personnes avec chaque résultat
Percentile par nombre de réponses
Votre historique - résultats
Vous n’avez pas pris ce quiz